000 00259nam a22001097a 4500
082 _a150/MAI
100 _a Maisel, Eric
_982826
245 _aTHE POWER OF DAILY PRACTICE
260 _aMumbai
_JJaico Publishing House
_c2022
650 _aPhilosophy
942 _cBK
999 _c67551
_d67551